书目信息 |
| 题名: |
证券投资学
|
|
| 作者: | 吴晓求 主编 | |
| 分册: | ||
| 出版信息: | 北京 中国人民大学出版社 2003 |
|
| 页数: | 443页 | |
| 开本: | 23cm | |
| 丛书名: | ||
| 单 册: | ||
| 中图分类: | F830.91 | |
| 科图分类: | ||
| 主题词: | 证券投资--高等教育--教材 , 证券投资 | |
| 电子资源: | ||
| ISBN: | 7-300-05182-0 | |
| 000 | 00991nam0 2200277 450 | |
| 000 | 01004nam0 2200277 450 | |
| 000 | 00934nam0 2200253 450 | |
| 000 | 00898nam0 2200241 45 | |
| 005 | 20070725141616.79 | |
| 010 | @a7-300-05182-0@dCNY29.00 | |
| 100 | @a20070626e2006 em y0chiy0120 ea | |
| 101 | 0 | @achi |
| 102 | @aCN@b110000 | |
| 105 | @ay z 000yy | |
| 200 | 1 | @a证券投资学@AZheng Quan Tou Zi Xue@f吴晓求主编@FWu Xiao Qiu Zhu Bian |
| 205 | @a2版 | |
| 210 | @a北京@c中国人民大学出版社@d2003 | |
| 215 | @a443页@d23cm | |
| 300 | @a普通高等教育“十五”国家级规划教材经济管理类课程教材·金融系列 | |
| 330 | @a本书除导论外共分为五篇。书中分别讲述了证券投资工具和证券市场的一般性基础知识,有价证券的价格决定,证券投资技术分析的基本理论、方法和若干主要技术指标等内容。 | |
| 606 | 0 | @a证券投资@x高等教育@j教材 |
| 606 | 0 | @a证券投资 |
| 690 | @aF830.91@v4 | |
| 701 | 0 | @a吴晓求@AWu Xiao Qiu@c(经济学副教授)@4主编 |
| 801 | 0 | @aCN@bTAOJIN@c20070725 |
| 905 | @a10447@dF830.91@e115=2 | |
| 证券投资学/吴晓求主编.-2版.-北京:中国人民大学出版社,2003 |
| 443页;23cm |
| 普通高等教育“十五”国家级规划教材经济管理类课程教材·金融系列 |
| ISBN 7-300-05182-0:CNY29.00 |
| 本书除导论外共分为五篇。书中分别讲述了证券投资工具和证券市场的一般性基础知识,有价证券的价格决定,证券投资技术分析的基本理论、方法和若干主要技术指标等内容。 |
| ● |
| 相关链接 |
|
|
|
|
正题名:证券投资学
索取号:F830.91/115=2
 
预约/预借
| 序号 | 登录号 | 条形码 | 馆藏地/架位号 | 状态 | 备注 |
| 1 | 0825446 | 208254468 | 第一样本阅览室/ [索取号:F830.91/115=2] | 在馆 | |
| 2 | 0825447 | 208254477 | 第一借阅区/ [索取号:F830.91/115=2] | 在馆 | |
| 3 | 0825448 | 208254486 | 第一借阅区/ [索取号:F830.91/115=2] | 在馆 | |
| 4 | 0825449 | 208254495 | 第一借阅区/ [索取号:F830.91/115=2] | 在馆 | |
| 5 | 0825450 | 208254501 | 第一借阅区/ [索取号:F830.91/115=2] | 在馆 | |
| 6 | 0825451 | 208254510 | 第一借阅区/ [索取号:F830.91/115=2] | 在馆 | |
| 7 | 0825452 | 208254529 | 第一借阅区/ [索取号:F830.91/115=2] | 在馆 | |
| 8 | 0825453 | 208254538 | 第一借阅区/ [索取号:F830.91/115=2] | 在馆 |